Biology / (Record no. 15800)

000 -LEADER
fixed length control field 01276cam a2200253Ja 4500
020 ## - INTERNATIONAL STANDARD BOOK NUMBER
ISBN 0697340791 (case)
020 ## - INTERNATIONAL STANDARD BOOK NUMBER
ISBN 9780697340795 (case)
020 ## - INTERNATIONAL STANDARD BOOK NUMBER
ISBN 0697340805 (pbk.)
020 ## - INTERNATIONAL STANDARD BOOK NUMBER
ISBN 9780697340801 (pbk.)
020 ## - INTERNATIONAL STANDARD BOOK NUMBER
ISBN 0071154027
020 ## - INTERNATIONAL STANDARD BOOK NUMBER
ISBN 9780071154024
020 ## - INTERNATIONAL STANDARD BOOK NUMBER
ISBN 0072290218
020 ## - INTERNATIONAL STANDARD BOOK NUMBER
ISBN 9780072290219
040 ## - CATALOGING SOURCE
Transcribing agency DLC
082 00 - DEWEY DECIMAL CLASSIFICATION NUMBER
Classification number 570 WCB 1998 A081 Or.
100 1# - MAIN ENTRY--AUTHOR NAME
Personal name Mader, Sylvia S.
245 10 - TITLE STATEMENT
Title Biology /
250 ## - EDITION STATEMENT
Edition statement 6th ed.
260 ## - PUBLICATION, DISTRIBUTION, ETC. (IMPRINT)
Place of publication Boston :
Name of publisher WCB/McGraw-Hill,
Year of publication c1998
300 ## - PHYSICAL DESCRIPTION
Number of Pages 1 v. (various pagings) :
Other physical details ill. (some col.), maps (some col.) ;
Dimensions 29 cm.
520 ## - SUMMARY, ETC.
Summary, etc [This text] covers the concepts and principles of biology from the structure and function of the cell to the organization of the biosphere. It draws upon the entire world of living things to bring out an evolutionary theme that is introduced from the start. The concept of evolution is necessary to understanding the unity and diversity of life and serves as a background for the study of ecological principles. Four chapters are devoted to reviewing the ecological principles that explain how the natural world works. Frequent references are made as to how humans impact the environment. Ecological problems are considered.
650 #0 - SUBJECT ADDED ENTRY--TOPICAL TERM
Topical Term Biology.
942 ## - ADDED ENTRY ELEMENTS (KOHA)
Koha item type សៀវភៅភាសាអង់គ្លេស
952 ## - LOCATION AND ITEM INFORMATION (KOHA)
Withdrawn status [LOCAL, KOHA] 0
Holdings
Permanent Location Date acquired Koha item type Lost status Shelving location Barcode Current Location Full call number
Library Block A2017-12-11សៀវភៅភាសាអង់គ្លេស A084A10567Library Block A570 WCB 1998 A084 Or.
មជ្ឈមណ្ឌលឯការនៃសាកលវិទ្យាល័យភូមិន្ទកសិកម្មចំការដូង

Powered by Koha